000 00802nam a2200205 a 4500
003 0
005 20250515135408.0
008 021128s19uu xx 00 eng d
050 _aPGS LB 2806.15
_b.Y95 2001
100 _aYupangco, Kim Jason A.
245 _aThe relevance of Southville International School curriculum of the grade 6 students in the growing fields of education /
_cKim Jason A. Yupangco.
260 _aLas PiƱas City, Philippines :
_bSouthville International School and Colleges,
_c2001.
300 _a30 pages :
_billustrations ;
_c28 cm.
504 _aIncludes bibliographical references.
650 _aCurriculum evaluation.
650 _aCompetency-based education.
650 _aElementary education
_vCurricula.
650 _aEducational innovations.
942 _2lcc
_cPASS
999 _c96557
_d96557